|
|
|
|
| LEADER |
01424nam a2200325 a 4500 |
| 001 |
41818 |
| 003 |
BD-DhAAL |
| 005 |
20230927125003.0 |
| 008 |
230927t2000 nyu 001 0 eng d |
| 010 |
|
|
|a 00701266
|
| 020 |
|
|
|a 0071357327
|
| 035 |
|
|
|a (OCoLC)ocm44120218
|
| 040 |
|
|
|a ORX
|c ORX
|d DLC
|d BD-DhAAL
|
| 042 |
|
|
|a lccopycat
|
| 050 |
0 |
0 |
|a PN6081.5
|b .Q655 2000
|
| 082 |
0 |
0 |
|a 305.4
|2 21
|
| 245 |
0 |
4 |
|a The quotable woman :
|b words of wisdom from Mother Teresa, Edith Wharton, Virginia Woolf, Eleanor Roosevelt, Katharine Hepburn, and more /
|c edited by Carol A. Turkington.
|
| 260 |
|
|
|a New York :
|b McGraw-Hill,
|c c2000.
|
| 300 |
|
|
|a xx, 218 pages ;
|c 22 cm.
|
| 504 |
|
|
|a Includes index.
|
| 526 |
|
|
|a BIED
|
| 541 |
|
|
|a Complimentary copy from BIED
|e 41818
|
| 650 |
|
0 |
|a Women
|v Quotations.
|9 55607
|
| 650 |
|
0 |
|a Quotations, English.
|
| 700 |
1 |
|
|a Turkington, Carol.
|9 55608
|
| 852 |
|
|
|a Ayesha Abed Library
|c BIED Collection
|
| 942 |
|
|
|2 ddc
|c BK
|
| 999 |
|
|
|c 46180
|d 46180
|
| 952 |
|
|
|0 0
|1 0
|2 ddc
|4 0
|6 305_400000000000000_QUO
|7 0
|9 74474
|a BRACUL
|b BRACUL
|c GEN
|d 2023-09-27
|e Complimentary copy from BIED
|l 0
|o 305.4 QUO
|p 3010041818
|r 2023-09-27
|t 1
|w 2023-09-27
|y BK
|x Transferred from BIED to General Stacks
|
| 952 |
|
|
|0 0
|1 0
|2 ddc
|4 0
|6 305_400000000000000_QUO
|7 0
|9 74475
|a BRACUL
|b BRACUL
|c GEN
|d 2023-09-27
|e Complimentary copy from BIED
|l 0
|o 305.4 QUO
|p 3010041817
|r 2023-09-27
|t 1
|w 2023-09-27
|y BK
|x Transferred from BIED to General Stacks
|